000 00338nam a2200133Ia 4500
008 240624s9999 xx 000 0 und d
041 _aeng
082 _a338 LIV
100 _aLIVINGSTON JESSICA
245 _aFOUNDERS AT WORK STORIES OF STARTUP S EA
260 _c2007
_aNew Delhi
_bApress Books
300 _a500 : p.
365 _cRS
_b30
999 _c14698
_d14698